|
|
|
|
| LEADER |
00000naa2a2200000 4500 |
| 001 |
611129 |
| 005 |
20231101132636.0 |
| 035 |
|
|
|a (RuTPU)RU\TPU\conf\8835
|
| 035 |
|
|
|a RU\TPU\conf\8834
|
| 090 |
|
|
|a 611129
|
| 100 |
|
|
|a 20150225d2012 k y0rusy50 ca
|
| 101 |
0 |
|
|a rus
|
| 102 |
|
|
|a RU
|
| 105 |
|
|
|a y z 101zy
|
| 135 |
|
|
|a drcn ---uucaa
|
| 181 |
|
0 |
|a i
|
| 182 |
|
0 |
|a b
|
| 200 |
1 |
|
|a Организация обмена данными между Ms Excel и базой данных Oracle
|f Е. И. Вашкина
|
| 203 |
|
|
|a Текст
|c электронный
|
| 225 |
1 |
|
|a Информационные системы и программные средства в производстве и управлении
|
| 230 |
|
|
|a 1 компьютерный файл (pdf; 300 Kb)
|
| 300 |
|
|
|a Заглавие с титульного экрана
|
| 320 |
|
|
|a [Библиогр.: с. 371 (3 назв.)]
|
| 337 |
|
|
|a Adobe Reader
|
| 463 |
|
0 |
|0 (RuTPU)RU\TPU\conf\6944
|t Молодежь и современные информационные технологии
|o сборник трудов X Международной научно-практической конференции студентов, аспирантов и молодых ученых, г. Томск, 13-16 ноября 2012 г.
|f Национальный исследовательский Томский политехнический университет (ТПУ) ; под ред. Е. А. Сикоры и др.
|v [С. 369-371]
|d 2012
|
| 610 |
1 |
|
|a труды учёных ТПУ
|
| 610 |
1 |
|
|a электронный ресурс
|
| 610 |
1 |
|
|a обмен данными
|
| 610 |
1 |
|
|a Microsoft Excel
|
| 610 |
1 |
|
|a Oracle
|
| 610 |
1 |
|
|a базы данных
|
| 610 |
1 |
|
|a таблицы
|
| 700 |
|
1 |
|a Вашкина
|b Е. И.
|
| 801 |
|
2 |
|a RU
|b 63413507
|c 20150225
|g RCR
|
| 856 |
4 |
|
|u http://www.lib.tpu.ru/fulltext/c/2012/C04/159.pdf
|
| 942 |
|
|
|c BK
|